Central Library OPAC University of Rajshahi

Education and Health: (Record no. 75793)

MARC details
000 -LEADER
fixed length control field 01126ntm a2200277 a 4500
001 - CONTROL NUMBER
control field 75793
003 - CONTROL NUMBER IDENTIFIER
rucl marc code BD-RjUL
005 - DATE AND TIME OF LATEST TRANSACTION
control field 20211209082740.0
008 - FIXED-LENGTH DATA ELEMENTS--GENERAL INFORMATION
fixed length control field 190707s2015 bg a|||| bm|| 00| 0 eng d
035 ## - SYSTEM CONTROL NUMBER
System control number (BD-RjUL)76012
040 ## - CATALOGING SOURCE
Original cataloging agency BD-RjUL
Language of cataloging eng
Transcribing agency BD-RjUL
Modifying agency BD-RjUL
041 ## - LANGUAGE CODE
Language code of text/sound track or separate title eng
082 ## - DEWEY DECIMAL CLASSIFICATION NUMBER
Edition number 23
Classification number 370.115
Author mark and year HOE 2015
100 1# - MAIN ENTRY--PERSONAL NAME
Personal name Hossain, Md. Afzal
9 (RLIN) 232247
245 10 - TITLE STATEMENT
Title Education and Health:
Remainder of title a cross-cultural comparison among Muslim, Hindu and Santal Communities in Rajshahi district /
Statement of responsibility, etc. by Md. Afzal Hossain ;
Linkage Supervisor: Md. Emaj Uddin
260 ## - PUBLICATION, DISTRIBUTION, ETC. (IMPRINT)
Place of publication, distribution, etc. Rajshahi :
Name of publisher, distributor, etc. Institute of Education and Research (IER), University of Rajshahi,
Date of publication, distribution, etc. 2015
300 ## - PHYSICAL DESCRIPTION
Pagination [10], 43 leaves :
Illustrations Ill. ;
Size 29 cm.
502 ## - DISSERTATION NOTE
Dissertation note Thesis (M. Phil.) -- Institute of Education and Research (IER), University of Rajshahi, 2015
504 ## - BIBLIOGRAPHY, ETC. NOTE
Bibliography, etc Bibliography: Leaves 33-40
650 ## - SUBJECT ADDED ENTRY--TOPICAL TERM
Topical term or geographic name as entry element Educational sociology
9 (RLIN) 232248
Topical term or geographic name as entry element Education
General subdivision Social aspects
9 (RLIN) 232249
Topical term or geographic name as entry element Social justice
General subdivision Study and teaching
9 (RLIN) 232250
Topical term or geographic name as entry element Educational equalization
9 (RLIN) 232251
700 ## - ADDED ENTRY--PERSONAL NAME
Personal name Uddin, Md. Emaj, Supervisor
942 ## - ADDED ENTRY ELEMENTS (KOHA)
Source of classification or shelving scheme Dewey Decimal Classification
Koha item type Theses
Holdings
Lost status Source of classification or shelving scheme Damaged status Not for loan Collection code Permanent Location Current Location Shelving location Date acquired Source of acquisition Full call number Date last seen Copy number Koha item type
  Dewey Decimal Classification   Not For Loan Theses Central Library, University of Rajshahi Central Library, University of Rajshahi Documentation Section 17/04/2016 Controller of Examination Office, R. U. THE 370.115 HOE 2015 07/07/2019 C-1 Theses